E-planning in Scotland (Record no. 118429)

MARC details
000 -LEADER
fixed length control field 01015cam a2200217 4500
001 - CONTROL NUMBER
control field WB@3612-631
008 - FIXED-LENGTH DATA ELEMENTS--GENERAL INFORMATION
fixed length control field 041209n2004 000 0 eng u
035 ## - SYSTEM CONTROL NUMBER
System control number (Sirsi) u128265
245 ## - TITLE STATEMENT
Title E-planning in Scotland
260 ## - PUBLICATION, DISTRIBUTION, ETC.
Date of publication, distribution, etc. 2004
490 ## - SERIES STATEMENT
Series statement Planning (for the Natural and Built Environment)
Volume/sequential designation 3 December 2004, 3(1)
520 ## - SUMMARY, ETC.
Summary, etc. The Scottish Executive has issued advice to councils in a bid to improve the delivery of electronic planning services. "PAN70: Electronic planning service delivery" outlines how authorities can better deliver online services for communities and businesses. The advice covers website development, offering access to information, including online representations and application progress. View the planning advice note at: http://www.scotland.gov.uk/library5/planning/epan7 0-01.asp.
590 ## - LOCAL NOTE (RLIN)
Local note WB
590 ## - LOCAL NOTE (RLIN)
Local note WB
650 ## - SUBJECT ADDED ENTRY--TOPICAL TERM
Topical term or geographic name entry element EPLANNING
650 ## - SUBJECT ADDED ENTRY--TOPICAL TERM
Topical term or geographic name entry element PLANNING REFORM
650 ## - SUBJECT ADDED ENTRY--TOPICAL TERM
Topical term or geographic name entry element PLANNING SYSTEM
650 ## - SUBJECT ADDED ENTRY--TOPICAL TERM
Topical term or geographic name entry element PLANNING PORTAL
690 ## - LOCAL SUBJECT ADDED ENTRY--TOPICAL TERM (OCLC, RLIN)
Topical term or geographic name as entry element PLANNING
942 ## - ADDED ENTRY ELEMENTS (KOHA)
Suppress in OPAC 0
Holdings
Withdrawn status Lost status Source of classification or shelving scheme Damaged status Not for loan Home library Current library Shelving location Date acquired Total Checkouts Full call number Barcode Date last seen Copy number Price effective from Koha item type
    Dewey Decimal Classification     London London News article 09/12/2004   WB4047-11 128265-1001 06/08/2019 1 06/08/2019 News article